Statistics for Classic Colors Quiz

Click here to take the quiz!

General Stats

  • This quiz has been taken 64 times
  • The average score is 12 of 12

Answer Stats

Answer% Correct
Black
100%
Green | Lime | Light Green
100%
Red
100%
White
100%
Yellow
100%
Brown
98%
Cyan | Blue| Light Blue
98%
Orange
98%
Purple
98%
Gold
95%
Pink
95%
Silver
93%

Score Distribution

Percentile by Number Answered

Percent of People with Each Score

Your Score History

You have not taken this quiz